Availability of office accommodation: Birmingham district. - Spring 1982 - Spring 1983 (Record no. 91105)

MARC details
000 -LEADER
fixed length control field 00669cam a2200217 4500
001 - CONTROL NUMBER
control field B1066
008 - FIXED-LENGTH DATA ELEMENTS--GENERAL INFORMATION
fixed length control field 090401t1983 xxu||||| |||| 00| 0 eng d
035 ## - SYSTEM CONTROL NUMBER
System control number (Sirsi) u42411
041 ## - LANGUAGE CODE
Language code of text/sound track or separate title eng
050 ## - LIBRARY OF CONGRESS CALL NUMBER
Classification number 333.33709424
110 ## - MAIN ENTRY--CORPORATE NAME
Corporate name or jurisdiction name as entry element Edwards Bigwood and Bewlay
9 (RLIN) 1934
245 ## - TITLE STATEMENT
Title Availability of office accommodation: Birmingham district. - Spring 1982 - Spring 1983
260 ## - PUBLICATION, DISTRIBUTION, ETC.
Place of publication, distribution, etc. Birmingham
Name of publisher, distributor, etc. Edwards Bigwood and Bewlay
Date of publication, distribution, etc. 1982-1983
300 ## - PHYSICAL DESCRIPTION
Extent 5v. ; 32cm.
350 ## - PRICE (NR) (BK AM CF MU VM SE) [OBSOLETE]
Price 0
520 ## - SUMMARY, ETC.
Summary, etc. For later issues see Colliers Bigwood Bewlay. Availability of office accommodation.
650 ## - SUBJECT ADDED ENTRY--TOPICAL TERM
Topical term or geographic name entry element OFFICES
650 ## - SUBJECT ADDED ENTRY--TOPICAL TERM
Topical term or geographic name entry element WEST MIDLANDS
942 ## - ADDED ENTRY ELEMENTS (KOHA)
Suppress in OPAC 0
948 ## - LOCAL PROCESSING INFORMATION (OCLC); SERIES PART DESIGNATOR (RLIN)
c (OCLC) 04/03/1997
Holdings
Withdrawn status Lost status Source of classification or shelving scheme Damaged status Not for loan Home library Current library Shelving location Date acquired Total Checkouts Full call number Barcode Date last seen Copy number Price effective from Koha item type
    Dewey Decimal Classification     London London Property market reports 21/08/1991   LIBRARY ANNEXE 30031019 06/08/2019 1 06/08/2019 Book
    Dewey Decimal Classification     London London Property market reports 21/08/1991   LIBRARY ANNEXE 30031053 06/08/2019 2 06/08/2019 Book
    Dewey Decimal Classification     London London Property market reports 21/08/1991   LIBRARY ANNEXE 30031060 06/08/2019 3 06/08/2019 Book
    Dewey Decimal Classification     London London Property market reports 21/08/1991   LIBRARY ANNEXE 30031064 06/08/2019 4 06/08/2019 Book